00337nam a2200109Ia 4500008004100000082000800041100001800049245004200067942000600109952009700115999001500212240331s9999 xx 000 0 und d bJAY aJayawardena,K 0aMundram ulagil penniyammum deshiyamum cL 001040708LaWERCLbWERCLcSSCd2024-03-31l0o 322.4 JAYp1920r2024-03-31w2024-03-31yL c4594d4594